000
00168 a2200085 4500
041
_a
spa
100
_a
Mecd
245
_a
Nutricion y Alimentacion del Escolar
942
_c
BK
999
_c
15690
_d
15690